00600nam a2200181 a 450000100100000000500170001000800410002704000250006808200150009310000250010824000310013324500800016426000420024430000340028653400410032070000400036199900170040100003688520200930080010.0120203s1965 sp ab 000 0 spa d aDO-SdBNPbspacBNPHU axxxbC867j1 aCousins, Mary96326610aAnd Jesus said.lEspañol10aY Jesús dijo ... /cMary Cousins ; traducción de María Dolores Raich. aBarcelona :bEditorial Molino,c1965. a159 p. :bil., mapa ;c21 cm. aTítulo original :tAnd Jesus said.1 aRaich, María Dolores,etr.963267 c36376d36376